| 000 | 00622nam a2200217Ii 4500 | ||
|---|---|---|---|
| 003 | JO-AjNU | ||
| 008 | 230606s9999||||xx |||||||||||||| ||und|| | ||
| 020 | _a978-1-138-71038-2 | ||
| 040 |
_aJO-AjNU _beng _erda _cJO-AjNU |
||
| 041 | _aeng | ||
| 050 | 1 | 4 | _aDT20.A83 2019 |
| 100 | 3 |
_aAsante, Molefi Kete, _eauthor _96174 |
|
| 245 | 0 | 4 | _aThe History of Africa: The Quest For Eternal Harmony |
| 250 | _a3ed | ||
| 264 | 3 | 1 | _aNew York: Routledge, 2019 |
| 300 | _a481p | ||
| 336 |
_atext _btxt _2rdacontent |
||
| 337 |
_aunmediated _bn _2rdamedia |
||
| 338 |
_avolume _bnc _2rdacarrier |
||
| 650 | 4 |
_a Africa--History _96175 |
|
| 999 |
_aE3204 _c3200 _d3200 |
||